000 00835nas a2200253 4500
001 BR9505681
003 BR-BrBNA
005 20231205094433.0
007 ta
008 230509b bl.|||p| |||| 00| 00por d
040 _aBR-BrBNA
_bpor
_cBiblioteca Nacional de Agricultura
041 _a(Pt)
072 _aL73
100 1 _aRibeiro, V.L.S.
100 1 _aChiminazzo, C.
100 1 _aGoncalves, I.P.D.
245 1 _aSarna podal em Serinus canarius (Passeriformes, Fringillidae)no Rio Grande do Sul: Etiologia e tratamento
650 _aCanario
650 _aSarna Animal
650 _aTratamento
773 0 _tArquivos da Faculdade de Veterinaria da Universidade Federal do Rio Grande do Sul (Brazil)
_xISSN 0101-5230
_g(1993), v. 21 p. 92-103
_wBR9505681
909 _a202311
_bLúcia
_c55
_dLúcia Elande
942 _2AGRIS
_n0
_cANA
999 _c144317
_d144317